000 00519nam a2200169 i 4500
001 103823
003 ES-MaACL
005 20230906183443.0
007 t|
008 051118s1968 sp ||||1| spa d
100 1 _aMerlaud, André.
_980566
245 1 0 _aRealidades humanas y educación cristiana /
_cAndré Merlaud; [tradujó Alfonso Ortiz García].
260 _aSalamanca :
_bSígueme,
_c1968.
300 _a107 p. ;
_c19 cm.
700 1 _aOrtiz García, Alfonso.
_987618
852 _aES-MaACL
_jC-51019
_bR.66625
999 _c103823
_d103823